Slovenské ľudáctvo ako prejav konzervatívneho myslenia

Podrobná bibliografia
Hlavný autor: Letz, Róbert, 1967- (Autor)
Médium: Článok
Jazyk:slovenčina
ISSN:1335-6755
Predmet:

MARC

LEADER 00000nab a2200000 a 4500
001 vtls000769487
003 SK-MaSNL
005 20260303140732.0
008 040806c2001 xo 0 slo
015 |a SNBRB2001/10-27598 
035 |a CLN000121274 
040 |a SNKBUCL  |b slo  |c SNKBUCL  |e AACR2 
041 0 |a slo 
044 |a xo  |c SK 
080 |a 329.17  |x (437.6)  |x "18/19"  |2 1981 
080 |a 943.76  |x "18/19"  |2 1981 
100 1 |a Letz, Róbert,  |d 1967-  |4 aut  |9 102956 
245 1 0 |a Slovenské ľudáctvo ako prejav konzervatívneho myslenia  |c od Róberta Letza 
504 |a Bibliogr. odkazy 
610 2 7 |a Katolícka ľudová strana (Slovensko)  |x dejiny  |2 snkbucl  |9 1159443 
610 2 7 |a Slovenská ľudová strana  |2 snkbucl  |9 32579 
610 2 7 |a Hlinkova slovenská ľudová strana  |2 snkbucl  |9 32578 
773 0 |t Proglas  |g Roč. 12, č. 1 (2001), s. 5-9  |x 1335-6755 
850 |a Slovenská národná knižnica v Martine 
852 |a SNK  |b KIS3GCP 
958 |a SK 
958 |a NB 
999 |c 1973046  |d 1974976